000 00694nam a2200241Ia 4500
003 OSt
005 20220930071816.0
006 a|||||r|||| 00| 0
007 ta
008 220926b |||||||| |||| 00| 0 hin d
024 _a18165
037 _cTheses
040 _aCRL
_cCRL
_bhin
041 _2hin
_ahin
100 _aDiwedi Onkar Nath
_9528981
110 _aUniversity of Prayag. Faculty of Arts. Department of Hindi
245 0 _aPadmakar ke kavya bhasha shali vaganik adhyayan
260 _c1981
650 _aHINDI LITERATURE
_923866
700 _aUniversity of Prayag. Faculty of Arts. Department of Hindi
942 _cDIS
_2CC
999 _c862871
_d862871